=LDR 00000nam 2200000 4500 =001 INLIS000000000041852 =005 20130612151347 =008 ***********************************Ind** =035 ##$$a0010-061300000041852 =041 ##$$a Ind =090 ##$$a 658, Son s =100 ##$$a Sondang P. Siagian =245 ##$$a Sistem informasi manajemen, Sondang P.Siagian =260 ##$$a 2009 $b Jakarta =300 ##$$a xi, 132 hlm., 23 cm =650 ##$$a Sistim Informasi Manajemen =850 ##$$a NBPNMAT =990 ##$$a 93543/BPAP-NTB/2014